000 01827 a2200229 4500
001 42317
005 20260407155713.0
008 260407a2010 arg spa d
003 AR-UNSa-BCEJYS
040 _aAR-UNSa-BCEJYS
_bspa
_cAR-UNSa-BCEJYS
080 _a336.226.1
_xImpuestos a las ganancias o los beneficios (Impuesto Diferido)
245 1 0 _aGanancias. Personas físicas
_pcien casos prácticos : justificación de las variaciones patrimoniales
020 _a978-987-01-0943-3
264 1 _aBuenos Aires :
_bErrepar
_c2010
300 _axiii, 106 p.
_c27 cm.
505 _aPRIMERA PARTE: CASOS PRÁCTICOS ACERCA DEL IMPUESTO A LAS GANANCIAS. EJERCITACIÓN ESPECIALMENTE REFERIDA AL SUJETO PERSONA FÍSICA Y SUCESIONES INDIVISAS. 1. Objeto y sujetos del impuesto - 2. Fuente argentina y extranjera. Casos especiales - 3. Ganancia bruta, neta y neta sujeta a impuesto - 4. Año fiscal e imputación de las ganancias y gastos - 5. Compensación de quebrantos con ganancias - 6. Deducciones personales del artículo 23, LIG - 7. Deducciones admitidas y no admitidas por la Ley - 8. Exenciones - 9. Ganancias de los componentes de la sociedad conyugal - 10. Ganancias de los menores de edad - 11. Sociedades entre cónyuges - 12. Sucesiones indivisas - 13. Salidas no documentadas - 14. Amortizaciones - 15. Resultado de diversas categorías - 16. Retenciones en la fuente - 17. Determinación del impuesto. Pagos a cuenta - 18. El impuesto a las ganancias y el impuesto a la transferencia de inmuebles - ITI- -- SEGUNDA PARTE: JUSTIFICACIÓN DE VARIACIONES PATRIMONIALES. INDICE DE CASOS PRÁCTICOS
041 _aspa
942 _cBK
590 _aniveau_biblio:m niveau_hierar:0
100 1 _aYódice, Julio César
856 4 1 _uhttps://biblioeco.unsa.edu.ar/pmb/images/libros/L126480.jpg
_yImagen de portada
_qimage/jpeg
999 _c3600
_d3600